02211nam a2200217Ia 45000010005000000080041000050100009000460410014000550820026000692450193000952600031002883000007003195200007003266300028003336300025003616300025003866500017004117000036004287000049004645201480005137565241029s9999 xx 000 0 und d a7178 aEspañol aST MA-ES 0003 FH 2017 0aEvaluación del desempeño de los egresados de la escuela de bioanálisis del recinto UASD-SFM, que laboran en los laboratorios clínicos de San Francisco de Macorís en el año 2015 aSan Francisco de Macorís a88 a66 aDesempeño Profesional aEducación Superior aEvaluación Docente aEvaluación easesoraGarcía Olivo, Eufemia eautoraHernández Gómez, María Cristina aEl estudio se planteó como objetivo principal: evaluar el desempeño de los egresados de la carrera de bioanálisis del recinto UASD, San Francisco de Macorís, que laboran en los diferentes laboratorios clínicos del municipio San Francisco de Macorís.El método utilizado en esta investigación fue del tipo descriptivo, de tendencia prospectiva y de corte transversal, teniendo como principal instrumento, el cuestionario. La población objeto de estudio estuvo conformada por 120 bioanalistas de los diferentes laboratorios clínicos del sector público y privado de San Francisco de Macorís, egresados del recinto UASD de esa provincia, de los cuales se tomó 52 bioanalistas y 16 directores de laboratorio como unidad muestral.El estudio concluyó  según los datos obtenidos, el cumplimiento de las normas de bioseguridad y la puntualidad a la hora de entregar los resultados, son los aspectos más relevantes en el desempeño de los profesionales en el área. De igual modo el estudio destacó que en más del 50% de los casos, las bioanalistas presentan dificultades en la interpretación de las técnicas de los procedimientos y automatización.Se recomendó, implementar programas de cuarto nivel, así como cursos talleres en las diferentes áreas de laboratorio clínico, para los egresados de la escuela de bioanálisis. De igual modo se recomendó aplicar incentivos por capacitación continua al personal de los laboratorios.